Fearless: (Record no. 6077)

MARC details
000 -LEADER
fixed length control field 00545nam a22001937a 4500
003 - CONTROL NUMBER IDENTIFIER
control field GBCCL
005 - DATE AND TIME OF LATEST TRANSACTION
control field 20241126110555.0
008 - FIXED-LENGTH DATA ELEMENTS--GENERAL INFORMATION
fixed length control field 180430b ||||| |||| 00| 0 eng d
020 ## - INTERNATIONAL STANDARD BOOK NUMBER
International Standard Book Number 0767398653
040 ## - CATALOGING SOURCE
Transcribing agency gbc
082 ## - DEWEY DECIMAL CLASSIFICATION NUMBER
Classification number 248.5
Item number FAY
100 ## - MAIN ENTRY--PERSONAL NAME
Personal name Fay, Bill
9 (RLIN) 10944
245 ## - TITLE STATEMENT
Title Fearless:
Remainder of title Sharing an authentic witness /
Statement of responsibility, etc. Bill Fay & Dean Finley
260 ## - PUBLICATION, DISTRIBUTION, ETC.
Name of publisher, distributor, etc. LifeWay Christian Resources,
Place of publication, distribution, etc. Nashville:
Date of publication, distribution, etc. 1999
300 ## - PHYSICAL DESCRIPTION
Extent 95 p.;
Dimensions 23 cm.
650 ## - SUBJECT ADDED ENTRY--TOPICAL TERM
Topical term or geographic name entry element Witness bearing
General subdivision Christianity
9 (RLIN) 10945
650 ## - SUBJECT ADDED ENTRY--TOPICAL TERM
Topical term or geographic name entry element Apologetics
9 (RLIN) 85
942 ## - ADDED ENTRY ELEMENTS (KOHA)
Source of classification or shelving scheme Dewey Decimal Classification
Koha item type Books
Holdings
Withdrawn status Lost status Source of classification or shelving scheme Damaged status Not for loan Home library Current Library Shelving location Date acquired Total checkouts Full call number Barcode Date last seen Copy number Price effective from Koha item type
    Dewey Decimal Classification     GRACE BIBLE COLLEGE GRACE BIBLE COLLEGE Ministry & Mission 2018-04-30   248.5 FAY 008527 2018-04-30 c.1 2018-04-30 Books
    Dewey Decimal Classification     GRACE BIBLE COLLEGE GRACE BIBLE COLLEGE Ministry & Mission 2018-05-08   248.5 FAY 008546 2025-05-01 c.2 2018-05-08 Books
© Grace Bible College Library 2025